A busca do ideal (Record no. 1981)

MARC details
000 -Etiqueta do registo
Valores 00790nam a2200265 4500
010 ## - Número ISBN
ISBN 9789897029677
021 ## - Número do Depósito Legal
Código do país Portugal
Número 515959/23
100 ## - Dados gerais de processamento
Dados gerais 20251119d2023 m||y0pory50030103ba
101 ## - Língua de publicação
Língua Português
102 ## - País de publicação
País Portugal
200 ## - Titulo e menção de responsabilidade
Título próprio A busca do ideal
Informação de outro título história das ideias
Primeira menção de responsabilidade Isaiah Berlin
Outras menções de responsabilidade ed. Henry Hardy
-- trad. Maria José Figueiredo
205 ## - Menção da edição
Edição 1ª edição
210 ## - Publicação
Local de publicação Lisboa
Nome do editor Guerra & Paz
Data de publicação 2023
215 ## - Descrição física 
Paginação / Volumes 263, [1] p.
Dimensões 23 cm
225 ## - Colecção 
Título próprio da colecção Os livros não se rendem
300 ## - Notas gerais 
Texto da nota BMB-Registado
606 ## - Nome comum usado como assunto
ID Autoridade 1699
Palavra de ordem Sistemas filosóficos
675 ## - CDU
Notação 141
Edição BMB
Língua por
700 ## - Autor principal (pessoa individual)
Apelido Berlin
Nome Isaiah
Datas 1909-1997
ID Autoridade 2842
702 ## - Autor secundário (pessoa individual)
Apelido Hardy
Nome Henry
Datas 1949-
Função Coordenador/Editor literário
ID Autoridade 2857
702 ## - Autor secundário (pessoa individual)
Apelido Figueiredo
Nome Maria José
Datas 1963-
Função Tradutor
ID Autoridade 2858
801 ## - Fonte de origem
País PT
Agência BMB
Regras de catalogação RPC
990 ## - Elementos KOHA
Tipo de documento Livro
Holdings
Situação do levantamento Estado Número Biblioteca de origem Código de barras Cota Permissão de empréstimo Tipo de documento Forma de aquisição
    1 Biblioteca Municipal de Borba 1930 141 BER / BUS   Livro Oferta
Biblioteca Municipal de Borba

Powered by Koha